Antropopogía: educación del hombre
Saved in:
| Main Author: | |
|---|---|
| Format: | Book |
| Language: | Spanish |
| Published: |
Buenos Aires
Guadalupe
1984
|
| Edition: | 3a. ed |
| Series: | Colección hombre
|
| Subjects: | |
| Tags: |
Add Tag
No Tags, Be the first to tag this record!
|
MARC
| LEADER | 00000nam a2200000 a 4500 | ||
|---|---|---|---|
| 001 | UCX0775 | ||
| 003 | CL-VaPUC | ||
| 008 | 900314e19840000AG |||||||||||||||||spa|d | ||
| 082 | 0 | 4 | |a 370.112 |b LUD |2 21 |
| 100 | |a Ludojoski, Roque Luis |e autor |9 351910 | ||
| 245 | 1 | 0 | |a Antropopogía: educación del hombre |
| 250 | |a 3a. ed | ||
| 300 | |a 127 p | ||
| 942 | |c BK | ||
| 945 | |d 19900314 00:00:00 | ||
| 260 | |a Buenos Aires |b Guadalupe |c 1984 | ||
| 650 | 7 | |a EDUCACION PERMANENTE |2 CL-VaPUC |9 316165 | |
| 650 | 0 | |a Filosofía de la educación |9 258384 | |
| 650 | 0 | |a Antropología de la educación |9 265262 | |
| 583 | |a last modification |c 19900314 00:00:00 |k Rodrigo Vera | ||
| 490 | 0 | |a Colección hombre | |
| 999 | |c 222241 |d 222239 | ||
| 952 | |0 0 |1 0 |4 0 |6 370_112000000000000_LUD_1984 |7 0 |8 A |9 216678 |a BIBGIM |b BIBGIM |d 2019-11-15 |i 2854112 |o 370.112 LUD 1984 |p 2854112 |r 2025-01-15 |w 2019-11-15 |y BK |k SSL | ||